00886nam a2200193 a 4500001000400000003000900004008004100013040002800054082001600082100002700098245010500125260003100230300001500261505022500276650001300501942001200514999001700526952014900543390CO-ViMGA141112s2004 ck r 000 u spa d aCO-ViMGAbspacCO-ViMGA04a796.41 B7681 aBrown, James R.94813910aGimnasia para hombres y mujeres : badministración, enseñanza y entrenamiento / cJames R. Brown aMexico : bNoriega, c1995 a479 p : il aHistoria de la gimnasia como deporte Seguridad y sugerencias para la ayuda Psicologia del entrenador Rutinas de gimnasia - Hombres - clases Rutinas de gimnasia - Mujeres - clases Administracion del deporte de la gimnasia14aGIMNASIA 2ddccBK c12632d12632 00102ddc40708003aMEVIECARbMEVIECARd2015-12-04hVolumen. 1 | 11/jun/2009l0o796.41 B768 p390r2015-12-04 00:00:00tEj. 1w2015-12-04yBK